1705 1665 1699 1182 1554 1464 1458 1155 1359 1756 1935 1293 1151 1919 1083 1398 1172 1165 1553 1783 1295 1778 1309 1803 1583 1305 1397 1061 1368 1489 1599 1240 1949 1643 1753 1608 1673 1802 1320 1650 1161 1421 1554 1108 1461 1375 1484 1833 1020 1935 1902 1821 1929 1557 1225 1151 1161 1947 1055 1639 1652 1577 1628 1568 1886 1421 1044 1362 1864 1221 1125 1476 1946 1003 1477 1517 1655 1263 1503 1932 1333 1176 1595 1351 1457 1547 1946 1871 1445 1892 1515 1049 1503 1454 1145 1394 1740 1857 1108 BCNSPRNW ULIB Ver.6.0+V

เปลี่ยนเป็นภาษาไทย

Change to English
 แสดงรายละเอียดบรรณานุกรม
  กลับหน้าหลัก

Brief Record : Get Marc (ISO 2709) : E-mail record : QR code < ปิดหน้าต่าง
LEADER : 00000nam 2200000uu 4500
001    13399123534
003     ULIB
008    141003s2556||||th 000 0 tha d
020    ^a9786169160908
060  4 ^aWS200^bอ549
245 00 ^aUpdate on pediatric infectious diseases 2013 /^cพิรังกูร เกิดพาณิช, วีระชัย วัฒนาวีรเดช, ทวี โชติพิทยสุนนท์ บรรณาธิการ
250    ^aพิมพ์ครั้งที่ 1
260    ^aกรุงเทพฯ :^bสมาคมโรคติดเชื้อในเด็กแห่งประเทศไทย,^c2556.
300    ^aviii, 306 หน้า :^bภาพประกอบ
505 0  ^a-- ASEAN Dengue Vaccination Advocacy -- Human Immonudeficiency Vurus Update -- Diagnostic Tests: Practical Issues in Infectious Diseases -- Approach to Prolonged Fever -- Enteric Fever -- Combating Multi-Drug Resistant Gram Negative Bacteria -- การใช้ยาปฏิชีวนะในผู้ป่วยนอก Accute Bacterial Rhinosinusitis -- Multidrug Resistant Gram Negative Bacteria -- การเลือกใช้ยาปฏิชีวนะในเด็กที่มีภาวะ Sepsis -- การดูแลรักษาโรคดื้อยาหลายขนาน (MDR-TB) ในเด็ก
505 0  ^a-- ทุเบอร์คุลิน 2556 -- Tuberculosis : Infection Control -- Mycoplasma pneumoniae Infection - Influenza Update -- Respiratory Syncytial Virus Update -- Update Prevention and Management of Hepatitis B Virus Infection -- Frequently Asked Questions for EPI Vaccines -- Non EPI Vaccine -- วัคซีน: เรื่องที่น่าสนใจในรอบปีที่ผ่านมา -- Update Management in Urinary Tract Infection
505 0  ^a-- Clinical Practice Guideline of Acute Meningoencephalitis -- Management of Febrile Neutropenia in Children with Cancer -- Management of Severe Sepsis and Septic Shock -- Sepsis -- การสื่อสารสำหรับผู้ป่วยวิกฤติ -- Spot Diagnosis
650  7 ^aโรคติดเชื้อ^xในวัยทารกและเด็ก
650  7 ^aโรคติดต่อ^xในวัยทารกและเด็ก
650  7 ^aเด็ก^xโรค^xการรักษา
700 0  ^aทวี โชติพิทยสุนนท์,^eบรรณาธิการ
700 0  ^aวีระชัย วัฒนาวีรเดช,^eบรรณาธิการ
700 0  ^aพิรังกูร เกิดพาณิช,^eบรรณาธิการ
710 2  ^aสมาคมโรคติดเชื้อในเด็กแห่งประเทศไทย
945    ^p450^l0^i036099
945    ^p450^l0^i036100
945    ^p450^l0^i036101
945    ^p450^l0^i036102
945    ^p450^l0^i036103
945    ^p450^l0^i036104
945    ^p450^l0^i036105
945    ^p450^l0^i039339
999    ^aเกษร โพธิ์สุวรรณ
รายการนี้ยังไม่มีแท็ก
คุณยังไม่ได้ล็อกอิน คุณสามารถมีกิจกรรมร่วมกับเว็บไซต์ได้ แต่ต้องล็อกอินก่อน ::
  ล็อกอิน

รายการสื่อสารสนเทศ

ลำดับที่ ประเภท เลขเรียก/บาร์โค้ด สถานที่ สถานะ
1. วิทยาศาสตร์การแพทย์ และสุขภาพ
วิทยาศาสตร์การแพทย์ และสุขภาพ
WS200 อ549 ฉ.1 
  Barcode: 036099
ห้องสมุดวิทยาเขตสวรรค์ประชารักษ์
►ส่วนจัดเก็บหนังสือเก่า สปร
บนชั้น
  ขอยืม
2. วิทยาศาสตร์การแพทย์ และสุขภาพ
วิทยาศาสตร์การแพทย์ และสุขภาพ
WS200 อ549 ฉ.2 
  Barcode: 036100
ห้องสมุดวิทยาเขตสวรรค์ประชารักษ์
►ส่วนจัดเก็บหนังสือเก่า สปร
บนชั้น
  ขอยืม
3. วิทยาศาสตร์การแพทย์ และสุขภาพ
วิทยาศาสตร์การแพทย์ และสุขภาพ
WS200 อ549 ฉ.3 
  Barcode: 036101
ห้องสมุดวิทยาเขตสวรรค์ประชารักษ์
►ส่วนจัดเก็บหนังสือเก่า สปร
บนชั้น
  ขอยืม
4. วิทยาศาสตร์การแพทย์ และสุขภาพ
วิทยาศาสตร์การแพทย์ และสุขภาพ
WS200 อ549 ฉ.4 
  Barcode: 036102
ห้องสมุดวิทยาเขตสวรรค์ประชารักษ์
►ส่วนจัดเก็บหนังสือเก่า สปร
บนชั้น
  ขอยืม
5. วิทยาศาสตร์การแพทย์ และสุขภาพ
วิทยาศาสตร์การแพทย์ และสุขภาพ
WS200 อ549 ฉ.5 
  Barcode: 036103
ห้องสมุดวิทยาเขตสวรรค์ประชารักษ์
►ส่วนจัดเก็บหนังสือเก่า สปร
บนชั้น
  ขอยืม
6. วิทยาศาสตร์การแพทย์ และสุขภาพ
วิทยาศาสตร์การแพทย์ และสุขภาพ
WS200 อ549 ฉ.6 
  Barcode: 036104
ห้องสมุดวิทยาเขตสวรรค์ประชารักษ์
►ส่วนจัดเก็บหนังสือเก่า สปร
บนชั้น
  ขอยืม
7. วิทยาศาสตร์การแพทย์ และสุขภาพ
วิทยาศาสตร์การแพทย์ และสุขภาพ
WS200 อ549 ฉ.7 
  Barcode: 036105
ห้องสมุดวิทยาเขตสวรรค์ประชารักษ์
►ส่วนจัดเก็บหนังสือเก่า สปร
บนชั้น
  ขอยืม
8. วิทยาศาสตร์การแพทย์ และสุขภาพ
วิทยาศาสตร์การแพทย์ และสุขภาพ
WS200 อ549 ฉ.8 
  Barcode: 039339
ห้องสมุดวิทยาเขตสวรรค์ประชารักษ์
►ส่วนจัดเก็บหนังสือเก่า สปร
บนชั้น
  ขอยืม

BibComment


ยังไม่เคยถูกคอมเมนท์

คอมเมนท์ทรัพยากรรายการนี้
  คอมเมนท์: Update on pediat..


 Copyright 2026. Bcnsprnw @Library